000 01034nam a2200301 c 4500
003 BLK
005 20190913121248.0
008 180911b bul|||||r ||||||| ||bul||
010 _a003390
040 _aBLK
041 _aDEU
080 _z949.72949.8
100 1 _aMILETIC, Ljubomir
_eпърви автор
245 0 0 _aBulgaren und Rumanen in ihren kulturgeschichtlichen Beziehungen
246 _aAus dem Sammeltverk "Dobrudscha"
260 _aSofia
_bDt. Balkan-Zeitung
_c1918
300 _a38 с
_c23 см
380 _a9
490 _aЧастна колекция - Академик Михаил Арнаудов
_gДарение - Основен фонд
520 _aМихаил Арнаудов: подпис
520 _aМихаил Арнаудов: негови-книга
520 _aДатиране на книгата : 27.I.1918 г.
650 _aИстория
655 _aбългарска история
700 1 _aL. Miletitsch
852 _aМА 1540
942 _cKNG
_n0
944 _aCR
_c1996
_kValK
999 _c343729
_d343729